Two Characters on TV Quiz Stats

 Plays Quiz Updated Jun 1, 2013

Also try: TV Title Meanings
Challenge
Share
Tweet
Embed
Score 0/24 Timer 04:00
1 Play Today
First Actor/Actress % Correct
Doogie HowserNeil Patrick Harris
82.4%
Alexander ScottBill Cosby
82.1%
Jack BauerKiefer Sutherland
79.5%
Lucy RicardoLucille Ball
72.9%
Sam MaloneTed Danson
70.6%
Charlie CrawfordCharlie Sheen
69.8%
James KirkWilliam Shatner
69.6%
Alex KeatonMichael J. Fox
65.5%
Andy TaylorAndy Griffith
62.7%
Thomas MagnumTom Selleck
61.3%
Sue Ann NivensBetty White
52.5%
Laura PetrieMary Tyler Moore
51.2%
First Actor/Actress % Correct
Elaine BenesJulia Louis-Dreyfus
51%
Fox MulderDavid Duchovny
50.7%
Edmund BlackadderRowan Atkinson
48.6%
Hal (Wilkerson)Bryan Cranston
45.8%
Maude FindlayBea Arthur
45%
Al BundyEd O'Neill
42.8%
Carmela SopranoEdie Falco
36.4%
Debra BaronePatricia Heaton
34.7%
NewmanWayne Knight
27.8%
Angus MacGyverRichard Dean Anderson
24.4%
Dennis GantOmar Epps
11.3%
Monica RawlingGlenn Close
7.1%

You're not logged in!

Compare scores with friends on all Sporcle quizzes.
OR
Log In

You Might Also Like...

Show Comments

Extras

Top Quizzes Today


Score Distribution

Your Account Isn't Verified!

In order to create a playlist on Sporcle, you need to verify the email address you used during registration. Go to your Sporcle Settings to finish the process.

Report this User

Report this user for behavior that violates our Community Guidelines.

Details: